000 00566nam a22001817a 4500
003 OSt
005 20251126093735.0
008 251126b |||||||| |||| 00| 0 eng d
020 _a971-8510-86-5.
040 _aDWCL-Main lib
_cOC
082 _aFil. 624.18341 B554f 2007
100 _aBesavilla, Venancio I., Jr.
245 _aFundamentals of reinforced concrete
_cBesavilla, Venancio I., Jr.
260 _aCebu City :
_bVIB Publisher,
_cc2007.
300 _a492 pages :
_billustration ;
_c21 cm.
650 _21. Reinforced concrete.
942 _2ddc
_cBK-FIL
_kFil.
_n0
999 _c6358
_d6358